000 00710cab a2200217 4500
001 WB2738-22
008 090401t1991 xxu||||| |||| 00| 0 eng d
035 _a(Sirsi) u1572
041 _aeng
245 _aOxford at forefront of green studies
260 _c1991
350 _a0
490 _aTimes
_v30 September 1991, 6(1)
520 _aOxford University will obtain a worldwide reputation for work on the potential impacts of the greenhouse effect, with the opening of its environmental change unit under Professor Martin Parry.
650 _aCLIMATE CHANGE
650 _aGREENHOUSE EFFECT
650 _aRESEARCH
690 _aENVIRONMENTAL AND LAND CONSULTANCY
942 _n0
948 _c04/03/1997
999 _c887
_d887